Missing Word: Kevin Kline Quiz Stats

 Plays Quiz Updated Sep 10, 2013

Support Sporcle.
Go Orange.
Score 0/20 Timer 03:00
2 Plays Today
Movie Title & Year Missing Word % Correct
The _____ of Notre Dame (voice) (1996)Hunchback
94.5%
In & ______ (1997)Out
92.4%
No ______ Attached (2011)Strings
92.3%
A ______ Called Wanda (1988)Fish
92%
The Pink ______ (2006)Panther
91.4%
Sophie's ______ (1982)Choice
88.1%
I _____ You to Death (1990)Love
88%
A ______ Night's Dream (1999)Midsummer
84.4%
______ ______ West (1999)Wild
81.6%
The ______ of Penzance (1983)Pirates
74.4%
Movie Title & Year Missing Word % Correct
A Prairie Home _____ (2006)Companion
57.5%
The ______ of Despereaux (voice) (2008)Tale
52.5%
The Big ______ (1983)Chill
49.6%
______, Maybe (2008)Definitely
48.3%
French ______ (1995)Kiss
44.2%
The ______ Storm (1997)Ice
27.1%
Fierce _____ (1997)Creatures
25.3%
______ as a House (2001)Life
23.9%
Grand ______ (1991)Canyon
23.6%
_____ Caraboo (1994)Princess
15.8%

Today's Daily Dose

Missing Word
Inventors

Word Ladder
Feud Chain

Get the Picture
Domestic Movie Titles

From the Vault

Music Acrostic Puzzle

by bhenderson79

Music 9m
Acrostics are good for more than elementary school craft projects.
Remove Ads.
Support Sporcle.
Get the best of Sporcle when you Go Orange. This ad-free experience offers more features, more stats, and more fun while also helping to support Sporcle. Thank you for becoming a member.

Show Comments

Extras

Top Quizzes Today


Score Distribution

Your Account Isn't Verified!

In order to create a playlist on Sporcle, you need to verify the email address you used during registration. Go to your Sporcle Settings to finish the process.

Report this User

Report this user for behavior that violates our Community Guidelines.

Details: